Rubber karshakan (Record no. 20261)

MARC details
000 -LEADER
fixed length control field 00271nam a2200109Ia 4500
082 ## - DEWEY DECIMAL CLASSIFICATION NUMBER
Classification number NR:63:58
Item number THO
100 ## - MAIN ENTRY--AUTHOR NAME
Personal name Thomas, T C
245 #0 - TITLE STATEMENT
Title Rubber karshakan
260 ## - PUBLICATION, DISTRIBUTION, ETC. (IMPRINT)
Place of publication Trivandrum
Name of publisher B V Printing works
Year of publication 1960
942 ## - ADDED ENTRY ELEMENTS (KOHA)
Koha item type Books
Holdings
Withdrawn status Lost status Damaged status Not for loan Home library Current library Shelving location Date acquired Cost, normal purchase price Full call number Accession Number Koha item type
        RRII Library RRII Library Malayalam 16/12/2021 2.00 NR:63:58 THO 00990 Books